000 00734nas a2200241 4500
001 BR2015000078
003 BR-BrBNA
005 20231205124857.0
007 ta
008 230509b bl.|||p| |||| 00| 00por d
040 _aBR-BrBNA
_bpor
_cBiblioteca Nacional de Agricultura
041 _a(Pt)
072 _aL10
100 1 _aPires, F.L.
245 1 _aConsiderações sôbre a progênie de um touro importado da raça guzerá
650 _aGADO GUZERA
650 _aGADO LEITEIRO
650 _aMELHORAMENTO GENETICO ANIMAL
650 _aTESTE DE PROGENIE
773 0 _tZootecnia (Brazil)
_xISSN 0044-5320
_g(Jul-Sep 1966), v. 4(3) p. 53-54
_wBR2015000078
909 _a202311
_bLúcia
_c55
_dLúcia Elande
942 _2AGRIS
_n0
_cANA
999 _c241376
_d241376